00751nam a2200181 a 450000100100000000500170001000800410002702000150006804000250008310000280010824501030013626000720023930000370031150000610034850400320040995201110044199900170055200003756320200930080436.0120501s1993 sp ac 000 0 spa d a8400073606 aDO-SdBNPbspacBNPHU1 aPaz, Pilar de la96401710aAutoras dramáticas españolas entre 1918 y 1936 :b(texto y representacion) /cPilar de la Paz. aMadrid :bConsejo Superior de Investigaciones Científicas,c1993. a407 p. :bils., retrs. ;c25 cm. aIncluye índice de abreviaturas e índice onomástico aBibliografía : p. 375-393 001054708MOaGRbGRcCTd2012-05-01iLF1l0o p37563-10r2020-06-25w2020-06-25y4ZPréstamo en sala c37053d37053